000 00798 a2200205 4500
001 30124
005 20260407155612.0
008 260407a1994 arg spa d
003 AR-UNSa-BCEJYS
040 _aAR-UNSa-BCEJYS
_bspa
_cAR-UNSa-BCEJYS
080 _a657(083)
_xResoluciones Técnicas Contables. Informes
245 1 0 _aResoluciones técnicas 8 y 9
264 1 _aBuenos Aires :
_bReisa
_c1994
300 _a50 p.
_c28 cm.
505 _a1. Lineamientos generales - 2. Normas comunes a todos los estados contables - 3. Estado de situación patrimonial o balance general - 4. Clasificación de rubros - 5. Estado de resultados - 6. Estado de evolución del patrimonio neto
041 _aspa
942 _cBK
590 _aniveau_biblio:m niveau_hierar:0
100 1 _aSenderovich, Pablo David
999 _c2023
_d2023